Regions of Madagascar - Statistics

General Stats
  • This quiz has been taken 657 times
  • The average score is 11 of 22
Answers on the Map
Answers color-coded by a green-red scale on the quiz's map according to % correct below.
 
Answer Stats
Region % Correct
Sava
78%
Sofia
75%
Diana
71%
Androy
57%
Analamanga
56%
Boeny
55%
Anosy
54%
Itasy
54%
Menabe
54%
Melaky
51%
Atsinanana
48%
Bongolava
46%
Atsimo-Atsinanana
43%
Analanjirofo
42%
Betsiboka
42%
Alaotra-Mangoro
41%
Ihorombe
41%
Atsimo-Andrefana
39%
Amoron'i Mania
37%
Vakinankaratra
37%
Vatovavy-Fitovinany
31%
Matsiatra Ambony
25%
No matching quizzes found
Score Distribution
Percent of People with Each Score
Percentile by Number Answered
Your Score History
You have not taken this quiz